000
00248nam a2200097Ia 4500
001
981078
005
20250826220922.0
008
250824s9999 xx 000 0 und d
245
0
_a
MÜTHİŞ PSİKOLOJİ
_c
YELDA CUMALIOĞLU
260
_b
DESTEK YAYINLARI
999
_c
981078
_d
981078